| 000 | 00584cam a22002291 4500 | ||
|---|---|---|---|
| 001 | sa 64005013 | ||
| 003 | DLC | ||
| 005 | 20260227112029.0 | ||
| 008 | 891120s1963 ii j b 000 0 beno | ||
| 010 | _asa 64005013 | ||
| 035 | _a(OCoLC)20676908 | ||
| 040 |
_aDLC _cWaU _dDLC |
||
| 042 | _apremarc | ||
| 050 | 0 | 0 |
_aML385 _b.M77 |
| 100 | 1 | _aMukhopadhyay, Dilipkumar. | |
| 245 | 1 | 0 | _aBishṇupura gharāṇā. |
| 260 | _c[1963] | ||
| 300 |
_a7, 153 p. _bgeneal. tables. _c22 cm. |
||
| 500 | _aIn Bengali. | ||
| 504 | _aIncludes bibliographies. | ||
| 650 | 0 | _aMusicians, Bengali. | |
| 999 |
_c58884 _d58884 |
||